000 00344nam a2200133Ia 4500
005 20260328104326.0
008 260328s9999||||xx |||||||||||||| ||und||
100 _aGómez, Manteola
245 0 _a101 Aprendidas de Arquitectura /
_cManteola Gómez
260 _bBuenos Aires
300 _a147 p.
650 _aARQUITECTURA MODERNA
942 _cBK
999 _c11515
_d11515